=LDR 00000nam 2200000 4500 =001 INLIS000000000009277 =005 20130612101103 =008 ***********************************Ind** =035 ##$$0010-061300000009277 =041 ##$$a Ind =082 ##$$a 232 =090 ##$$a 232, Dar-t =100 ##$$a Darmawijaya, PR, ST =245 ##$$a Tindak kenabian, Kisah perbuatan aneh para Nabi, St. Darmawijaya PR =260 ##$$a 1991 $b Yogyakarta =300 ##$$a 102 hlm, 18 cm =650 ##$$a Yesus Kristus =850 ##$$a NBPNMAT